| 000 | 00665nam 22002413 4500 | ||
|---|---|---|---|
| 001 | 200601 | ||
| 010 | _a94143/95 | ||
| 021 | _aPT | ||
| 090 | _a200601 | ||
| 100 | _a20230530d u||y0pory50 ba | ||
| 200 |
_aE muitos os caminhos _fAna Luísa Amaral |
||
| 205 | _a1ª | ||
| 210 |
_aPorto _cFLUP _d1995 |
||
| 215 |
_a91 p. _cbrochado _d21 cm |
||
| 225 |
_aPoetas de letras _v1 |
||
| 317 | _a. - Oferta com dedicatória ao Prof. DR. Almeida Faria | ||
| 606 |
_922 _aLiteratura Infantil Portuguesa |
||
| 610 | _apoesia | ||
| 675 |
_a821.134.3-1-93 _vPT _zpor |
||
| 700 |
_aAmaral _bAna Luísa _f1956-2022 _91350 |
||
| 801 |
_aPT _bBMMN _gRPC |
||
| 830 |
_cAna _fAna |
||
| 990 | _cLIVROS | ||